Štruktúra dlhodobo nezamestnaných v SR

Štatistika nezamestnaných na Slovensku v r. 1994 - 1995. Štruktúra nezamestnaných podľa pohlavia, veku, rodinného stavu, vzdelania a prechádzajúceho zamestnania. Príčina nezamestnanosti žien. Nezamestnanosť podľa dĺžky trvania a veku v priemere za r. 1995 v perc. Vývoj nezamestnanosti podľa doby trv...

Descripción completa

Guardado en:
Detalles Bibliográficos
Autor principal: Rievajová, Eva
Formato: Capítulo de libro
Lenguaje:eslovaco
Materias:
Etiquetas: Agregar Etiqueta
Sin Etiquetas, Sea el primero en etiquetar este registro!

MARC

LEADER 00000naa a2200000 4500
001 r025565
005 20230424121418.4
041 0 |a slo 
044 |a SK 
245 1 0 |a Štruktúra dlhodobo nezamestnaných v SR  |c Eva Rievajová 
520 |a Štatistika nezamestnaných na Slovensku v r. 1994 - 1995. Štruktúra nezamestnaných podľa pohlavia, veku, rodinného stavu, vzdelania a prechádzajúceho zamestnania. Príčina nezamestnanosti žien. Nezamestnanosť podľa dĺžky trvania a veku v priemere za r. 1995 v perc. Vývoj nezamestnanosti podľa doby trvania a vzdelania v štvrtom štvrťroku r. 1993, 1994, 1995. Počet uchádzačov o zamestnanie z absolventov vysokých škôl podľa doby evidencie v r. 1994 - 1995. Doba evidencie uchádzačov o zamestnanie podľa ich predchádzajúceho zamestnania. Dlhodobo nezamestnaní podľa veku a územia. 
610 2 0 |a nezamestnanosť 
610 2 0 |a Slovensko 
610 2 0 |a 1994-1995 
610 2 0 |a štatistika sociálna 
610 2 0 |a ženy 
610 2 0 |a vek 
610 2 0 |a vzdelanie 
610 2 0 |a absolventi 
100 1 |a Rievajová, Eva